000 00515nam a2200145Ia 4500
008 151213s9999 xx 000 0 und d
100 _aকাওসার হুসাইন।
245 _aইতালো কালভিনোর গল্প।
_cকাওসার হুসাইন।
260 _aঢাকা।
_bবাংলা একাডেমী।
_c1996
300 _a8661 p.
650 _aBangla
650 _aগল্প।
700 _aকাওসার হুসাইন।
999 _c4447
_d4447